| 000 | 01299nam a22003857a 4500 | ||
|---|---|---|---|
| 003 | CHAP | ||
| 005 | 20220329143320.0 | ||
| 008 | 080523d2005 us r 00110 eng d | ||
| 010 | _a94844 | ||
| 011 | _a95816 | ||
| 020 | _a0816523940 | ||
| 035 | _a106447 | ||
| 040 | _cCHAP | ||
| 082 | 0 | 0 |
_a574.5 _bA57 |
| 100 | 1 |
_aAnderson, E.N. _95572 |
|
| 245 | 1 | 0 |
_aAnimals and the maya in southeast Mexico _c/ by E.N. Anderson and Felix Medina Tzuc |
| 260 |
_aTucson, AZ : _bUniversity of Arizona, _c2005 |
||
| 300 |
_axii, 251 p. : _bilus. |
||
| 590 |
_aBATCH-UPD _b10 _c20130110 _lUCH01 _h0052 |
||
| 590 |
_aBATCH-UPD _b10 _c20130110 _lUCH01 _h0617 |
||
| 590 |
_aBATCH-UPD _b10 _c20130409 _lUCH01 _h2040 |
||
| 590 |
_aBATCH-UPD _b10 _c20130410 _lUCH01 _h0412 |
||
| 590 |
_aBATCH-UPD _b10 _c20130914 _lUCH01 _h0327 |
||
| 590 |
_aCONVERSION _b10 _c20130109 _lUCH01 _h1352 |
||
| 650 | 1 | 4 |
_aAnimales _xHabitos y conducta. _95865 |
| 650 | 1 | 4 |
_aEcología animal. _935170 |
| 650 | 1 | 4 |
_aEcología vegetal. _935188 |
| 650 | 1 | 4 |
_aEcologia _zYucatán. _935127 |
| 650 | 1 | 4 |
_aVida silvestre _zYucatán. _9119211 |
| 650 | 1 | 4 |
_aZoología _xYucatán. _9124186 |
| 700 | 1 |
_aMedina Tzuc, Felix _974042 |
|
| 901 | _aBK | ||
| 942 | _cLIBRO | ||
| 949 |
_a574.5 A57 _bBC _cLIBRO _d33724002057660 _eLIBRO _gI.c/e. _h109553 _i106447 _sb _t$492.75 |
||
| 999 |
_c94844 _d94844 |
||